00341nam a22001097a 4500008004100000082001700041110002600058245006700084260006300151300001100214440000600225230606b xxu||||| |||| 00| 0 eng d a340.050bRAT bUniversity of Nairobi aThe University of Nairobi Law Journalbvolume 3 Issue 1 (2005) aNairobi,KenyabFaculty of Law, University of Nairobic2005 aV,155p v3